Madness - Baggy Trousers Lyrics Quiz - Statistics

General Stats
  • This quiz has been taken 41 times
  • The average score is 233 of 306
Answer Stats
Answer % Correct
a
100%
the
100%
The
100%
all
96%
All
96%
and
96%
break
96%
fun
96%
I
96%
rule
96%
rules
96%
school
96%
to
96%
To
96%
we
96%
breaking
92%
had
92%
head
92%
Headmaster's
92%
in
92%
Oh,
92%
what
92%
at
88%
it
88%
of
88%
Teacher
88%
bad?
83%
bad
83%
boys
83%
kids
83%
not
83%
so
83%
away
79%
But
79%
did
79%
Naughty
79%
pub
79%
really
79%
again
75%
Baggy
75%
bend
75%
gone
75%
Gone
75%
have
75%
how
75%
nasty
75%
out
75%
turn
75%
Was
75%
when
75%
bell
71%
learnt
71%
Passing
71%
playing
71%
Playing
71%
ring
71%
seemed
71%
teachers
71%
think
71%
time
71%
trousers,
71%
trousers
71%
Trying
71%
enough
67%
'round
67%
schools
67%
that
67%
up
67%
will
67%
fight
63%
girls
63%
Having
63%
lunchtime
63%
next
63%
today
63%
door's
58%
Every
58%
is
58%
make
58%
ways
58%
different
54%
dirt
54%
Smashing
54%
with
54%
Back
50%
fools
50%
Lots
50%
lots
50%
term
50%
tools
50%
woodwork
50%
days
46%
difference
46%
eating
46%
ready-rub
46%
cup
42%
hair
42%
plastic
42%
Pulling
42%
shirt
42%
dirty
38%
home
38%
noise
38%
ones
38%
park
38%
small
38%
snails
38%
Walking
38%
after
33%
alone
33%
bends
33%
cane
33%
dark
33%
football
33%
his
33%
old
33%
Same
33%
Sits
33%
smells
33%
squashing
33%
tall
33%
tell
33%
backsides
29%
tales
29%
comes
25%
Kicking
25%
pushbikes
21%
No matching quizzes found
Score Distribution
Percent of People with Each Score
Percentile by Number Answered
Your Score History
You have not taken this quiz